000 00439nam a2200181Ia 4500
001 19703
005 20260306172712.0
008 260306t2010||||xx |||||||||||||| ||spa||
041 _aESP
082 _a341
_bG381
100 _aGuastini, Riccardo
_eAUT
245 0 _aEl postscript de H.L.A. Hart:
_bnueve ensayos
260 _c2010
300 _a245 páginas :
_c24 cm.
650 _aGEN
654 _aCDE
942 _cLIB
_dJUS
_fJUS
_2ddc
_n
999 _c19703
_d19703